Spaces of holomorphic functions in the unit ball
Αποθηκεύτηκε σε:
| Κύριος συγγραφέας: | |
|---|---|
| Μορφή: | Βιβλίο |
| Γλώσσα: | English |
| Δημοσίευση: |
New York :
Springer,
c2005
|
| Σειρά: | Graduate texts in mathematics ;
; 226 |
| Θέματα: | |
| Ετικέτες: |
Προσθήκη ετικέτας
Δεν υπάρχουν, Καταχωρήστε ετικέτα πρώτοι!
|
MARC
| LEADER | 00000nam a2200000 i 4500 | ||
|---|---|---|---|
| 001 | 1/51587 | ||
| 008 | 070810s2005 eng d | ||
| 020 | |a 0-387-22036-4 | ||
| 035 | |l 10089760 | ||
| 040 | |a GR-MY-UA |b gre |e aacr | ||
| 041 | 0 | |a eng | |
| 082 | 0 | |a 515.98 |2 (22) | |
| 100 | 1 | |a Zhu, Kehe |d 1961- | |
| 245 | 1 | 0 | |a Spaces of holomorphic functions in the unit ball / |c Kehe Zhu |
| 260 | |a New York : |b Springer, |c c2005 | ||
| 300 | |a x, 271 σ.; |c 25 εκ. | ||
| 490 | 1 | |a Graduate texts in mathematics |v ; 226 | |
| 504 | |a Περιλαμβάνει βιβλιογραφικές παραπομπές (σ. [263]-268) και ευρετήριο. | ||
| 650 | 0 | 0 | |a Holomorphic functions. |
| 650 | 0 | 0 | |a Unit ball. |
| 830 | 0 | |a Graduate texts in mathematics ; |v ; 226 | |
| 852 | |a INST |b SAMOS |e 20070810 |h 515.98 ZHU |p 005300025507 |q 005300025507 |t BK |y 0 | ||
| 901 | |a BIBL3-2007-2 | ||
| 909 | |a Σ |b 137104 | ||
| 922 | |a 3ΕΛΗ |b 200707 |c ΕΠΕΑΕΚ2/ΤΜΗΜΑ ΜΑΘΗΜΑΤΙΚΩΝ |d ΠΑΠΑΣΩΤΗΡΙΟΥ | ||
| 970 | |a ΣΙΤΖΙΜΗ |b ΓΙΑΣΕΜΗ |z 2007/08/10 | ||